000
00195 a2200097 4500
001
18196
100
_a
Franklard
245
_a
Bomber offensive
260
_a
_b
Columbia
_c
090
_c
13490
_d
13490
942
_a
NUST-CAE
_c
M
_c
3881
999
_c
253269
_d
253269